Countries Closest to Sweden - One Minute Sprint - Statistics

General Stats
  • This quiz has been taken 113 times
  • The average score is 17 of 20
Answer Stats
km country miles % Correct
0 Norway 0
100%
0 Finland 0
99%
4 Denmark 2
98%
72 Germany 45
98%
150 Estonia 93
96%
144 Latvia 89
95%
154 Poland 96
95%
208 Russia 129
95%
685 United Kingdom 426
95%
195 Lithuania 121
92%
433 Netherlands 269
91%
658 Belgium 409
89%
776 France 482
84%
515 Belarus 320
80%
480 Czechia 298
76%
732 Luxembourg 455
74%
694 Ukraine 431
72%
710 Austria 441
65%
718 Slovakia 446
62%
846 Hungary 525
53%
No matching quizzes found
Score Distribution
Percent of People with Each Score
Percentile by Number Answered
Your Score History
You have not taken this quiz